000 01899nam a2200325 4500
003 EC-UNACH
005 20260402172700.0
006 s||||gr|||| 00| 00
008 150116t9999 mx r gr 000 0 spa d
020 _a978-607-15-2227-6
040 _aEC-UNACH
_cEC-UNACH
041 _aspa
082 0 4 _223
_a658.872
_bL017525
100 _aRaj Sachdev
245 _aMarketing digital.
250 _aPrimera edición
264 _aCiudad de México
_bMcGRAW-HILL INTERAMERICANA EDITORES, S.S DE C.V.
_c2024
300 _aXIII, 430 páginas
_bilustraciones
_c24 cm
505 _aIntroducción al marketing digital. -- Estrategias digitales. -- SEO y SEM. -- Marketing en redes sociales. -- Analítica web. -- Comercio electrónico. -- Tendencias digitales.
520 _aEste libro presenta una visión integral del marketing digital, abordando las principales estrategias, herramientas y plataformas utilizadas en entornos digitales contemporáneos. Analiza el comportamiento del consumidor en línea, el posicionamiento en motores de búsqueda (SEO/SEM), el uso de redes sociales como canales de comunicación y promoción, así como la importancia de la analítica web para la toma de decisiones. Además, examina el comercio electrónico y las tendencias emergentes en marketing digital, proporcionando ejemplos prácticos y enfoques aplicados. La obra está orientada a estudiantes, profesionales y emprendedores interesados en desarrollar competencias en marketing digital y adaptarse a los cambios tecnológicos del mercado actual.
650 _aMarketing digital
650 _aComercio electrónico
650 _aPublicidad en Internet
650 _aRedes sociales en marketing
650 _aComportamiento del consumidor en línea
942 _2ddc
_c1
999 _c14487